000 00494nam a2200169Ia 4500
999 _c37348
_d37348
003 OSt
005 20200929150547.0
008 190216s9999||||xx |||||||||||||| ||und||
040 _coclc
082 _a591.012
_bMAY/P
100 _aMayr, Ernst
_95166
245 0 _aPrinciples Of Systematic Zoology /
_cErnst Mayr
260 _bTata Mcgrawhill Publishers,
_c1969.
_aNew Delhi:
300 _a428p
650 _aZoology
942 _cBK
_2ddc
_h591.012
_iMAY/P
_k591.012
_mMAY/P